| 000 | 01080cam a22002651 4500 | ||
|---|---|---|---|
| 001 | e 57000039 | ||
| 003 | DLC | ||
| 005 | 20260227111236.0 | ||
| 008 | 780503s1957 dcua f000 0 eng c | ||
| 010 | _ae 57000039 | ||
| 035 | _a(OCoLC)3859857 | ||
| 040 |
_aU.S. Office of Education. Library _cOT _dOCoLC _dDLC |
||
| 042 | _apremarc | ||
| 050 | 0 | 0 |
_aL111 _b.A6 1957, no. 20 |
| 051 |
_aLB3218.A1 _bV48 |
||
| 082 | _a371.62 | ||
| 100 | 1 |
_aViles, Nelson Eric, _d1891- |
|
| 245 | 1 | 0 | _aLocal school construction programs. |
| 260 |
_a[Washington] _bU.S. Dept. of Health, Education, and Welfare, Office of Education _c[1957] |
||
| 300 |
_aviii, 80 p. _btables. _c24 cm. |
||
| 490 | 1 |
_aUnited States. Office of Education. Bulletin, _v1957, no. 20 |
|
| 501 |
_aCopies 1 and 2 of L111.A6 with: Conservation experiences for children / Effie G. Bathurst and Wihelmina Hill. Washington : Govt. Print. Off., 1957. Bound together subsequent to publication. _5DLC |
||
| 650 | 0 |
_aSchool buildings _zUnited States. |
|
| 830 | 0 |
_aBulletin (United States. Office of Education) ; _v1957, no. 20. |
|
| 999 |
_c22282 _d22282 |
||